| 000 | 01296cam a22003257a 4500 | ||
|---|---|---|---|
| 001 | 15261929 | ||
| 005 | 20090316092952.0 | ||
| 008 | 080415s2008 gw a b 001 0 eng | ||
| 010 | _a 2008927183 | ||
| 015 |
_aGBA825908 _2bnb |
||
| 016 | 7 |
_a014537736 _2Uk |
|
| 020 | _a9783540778967 (hbk.) | ||
| 020 | _a9783540778974 (ebook) | ||
| 035 | _a(OCoLC)ocn213114153 | ||
| 040 |
_aUKM _cUKM _dYDXCP _dBTCTA _dBAKER _dOHX _dDLC |
||
| 042 |
_aukblcatcopy _alccopycat |
||
| 050 | 0 | 0 |
_aQC689.5.L37 _bG76 2008 |
| 082 | 0 | 4 |
_a621.366 _222 _bGRO |
| 100 | 1 |
_aGrossmann, F. _q(Frank) _93311 |
|
| 245 | 1 | 0 |
_aTheoretical femtosecond physics : _bAtoms and molecules in strong laser fields / _cFrank Grossmann. |
| 260 |
_aBerlin : _bSpringer, _cc2008. |
||
| 300 |
_axiii, 214 p. : _bill. ; _c25 cm. |
||
| 440 | 0 |
_aSpringer series on atomic, optical, and plasma physics, _x1615-5653 ; _v48 _93312 |
|
| 504 | _aIncludes bibliographical references and index. | ||
| 650 | 0 |
_aFemtosecond lasers. _93313 |
|
| 650 | 0 |
_aLaser pulses, Ultrashort. _93314 |
|
| 942 |
_2ddc _cBB |
||
| 999 |
_c11218 _d11218 |
||